| 000 | 00546cam a22002171 4500 | ||
|---|---|---|---|
| 001 | he 66001745 | ||
| 003 | DLC | ||
| 005 | 20260227111441.0 | ||
| 008 | 840119s1965 is 000 0 heb | ||
| 010 | _ahe 66001745 | ||
| 035 | _a(OCoLC)19158042 | ||
| 040 |
_aDLC _cMH _dCU _dDLC |
||
| 042 | _apremarc | ||
| 050 | 0 | 0 |
_aPJ5053.B592 _bM8 |
| 100 | 1 |
_aBosak, Meir, _d1912- |
|
| 245 | 1 | 0 | _aMul Ḽalal u-demamah. |
| 260 |
_aTel Aviv : _bAlef, _c726 [1965 or 1966] |
||
| 300 |
_a94 p. ; _c21 cm. |
||
| 500 | _aPoetry. | ||
| 752 |
_aIsrael _dTel Aviv |
||
| 999 |
_c31982 _d31982 |
||